000 00997nam a2200229 a 4500
001 000923101
003 AM-YeHGA
005 20250617145704.0
008 121029s1958 ||||||||||||||||||||rus|c
040 _aAM-YeHGA
041 0 _arus
245 0 0 _aИстория Ирана с древнейших времен до конца XVIII века /
_cН.В. Пигулевская и др. ; Под ред. В.В. Струве ; ЛГУ им. А.А. Жданова.
260 _aЛенинград :
_bЛГУ,
_c1958.
300 _a390 с.
650 1 4 _aИстория Ирана
700 1 _aПигулевская, Нина Викторовна
_d1894-1970
700 1 _aЯкубовский, Александр Юрьевич
700 1 _aПетрушевский, Илья Павлович
_d1898-1977
700 1 _aСтруве, Василий Васильевич
_d1889-1965
_4edt
710 2 _aЛенинградский гос. ун-т им. А.А. Жданова
090 _c318570
999 _c316842
_d316842